|
|
|
|
| LEADER |
00000naa2a2200000 4500 |
| 001 |
621290 |
| 005 |
20251031120804.0 |
| 035 |
|
|
|a (RuTPU)RU\TPU\conf\19857
|
| 035 |
|
|
|a RU\TPU\conf\19854
|
| 090 |
|
|
|a 621290
|
| 100 |
|
|
|a 20161213d2016 k y0engy50 ba
|
| 101 |
0 |
|
|a eng
|
| 102 |
|
|
|a RU
|
| 135 |
|
|
|a drgn ---uucaa
|
| 181 |
|
0 |
|a i
|
| 182 |
|
0 |
|a b
|
| 200 |
1 |
|
|a Composition of pyrolysis gas from oil shale at various stages of heating
|f S. M. Martemyanov [et al.]
|
| 203 |
|
|
|a Текст
|c электронный
|
| 300 |
|
|
|a Title screen
|
| 463 |
|
0 |
|0 (RuTPU)RU\TPU\conf\19513
|t Energy Fluxes and Radiation Effects (EFRE-2016)
|o International Congress, October 2–7, 2016, Tomsk, Russia
|o abstracts
|f National Research Tomsk Polytechnic University (TPU) ; eds. B. M. Kovalchuk [et al.]
|v [P. 149]
|d 2016
|
| 610 |
1 |
|
|a труды учёных ТПУ
|
| 610 |
1 |
|
|a электронный ресурс
|
| 610 |
1 |
|
|a газы
|
| 610 |
1 |
|
|a горючие сланцы
|
| 610 |
1 |
|
|a нагрев
|
| 610 |
1 |
|
|a pyrolysis gas
|
| 610 |
1 |
|
|a oil shale
|
| 610 |
1 |
|
|a heating
|
| 701 |
|
1 |
|a Martemyanov
|b S. M.
|c specialist in the field of electronics
|c Associate Professor of Tomsk Polytechnic University, Candidate of Technical Sciences
|f 1986-
|g Sergey Mikhailovich
|3 (RuTPU)RU\TPU\pers\33787
|9 17385
|
| 701 |
|
1 |
|a Bukharkin
|b A. A.
|c specialist in the field of electrophysics
|c engineer of Tomsk Polytechnic University
|f 1989-
|g Andrey Andreevich
|3 (RuTPU)RU\TPU\pers\33790
|9 17388
|
| 701 |
|
1 |
|a Koryashov
|b I. A.
|c specialist in the field of electrophysics
|c engineer of Tomsk Polytechnic University
|f 1990-
|g Iliya Aleksandrovich
|3 (RuTPU)RU\TPU\pers\33789
|9 17387
|
| 701 |
|
1 |
|a Ivanov
|b A. A.
|c specialist in the field of Electrophysics
|c engineer of Tomsk Polytechnic University
|f 1990-
|g Aleksey Alekseevich
|3 (RuTPU)RU\TPU\pers\35679
|9 18840
|
| 712 |
0 |
2 |
|a Национальный исследовательский Томский политехнический университет (ТПУ)
|b Институт неразрушающего контроля (ИНК)
|b Кафедра промышленной и медицинской электроники (ПМЭ)
|3 (RuTPU)RU\TPU\col\18719
|
| 712 |
0 |
2 |
|a Национальный исследовательский Томский политехнический университет (ТПУ)
|b Институт физики высоких технологий (ИФВТ)
|b Кафедра сильноточной электроники (СЭ)
|3 (RuTPU)RU\TPU\col\18691
|
| 801 |
|
2 |
|a RU
|b 63413507
|c 20161230
|g RCR
|
| 856 |
4 |
|
|u http://earchive.tpu.ru/handle/11683/35822
|
| 942 |
|
|
|c CF
|